LIBRARY & INFORMATION CENTRE, KCAET, TAVANUR

ONLINE PUBLIC ACCESS CATALOGUE (OPAC)

Comparative Evaluation of Simplified Hydroponic Techniques for Vegetable Cultivation (Record no. 14889)

MARC details
000 -LEADER
fixed length control field 00735nam a22001817a 4500
003 - CONTROL NUMBER IDENTIFIER
control field OSt
088 ## - REPORT NUMBER
Report number P375
100 ## - MAIN ENTRY--AUTHOR NAME
Personal name AJAY JAYAKUMAR
-- BINSHA K.T
-- JESNA D. SILVA
245 ## - TITLE STATEMENT
Title Comparative Evaluation of Simplified Hydroponic Techniques for Vegetable Cultivation
260 ## - PUBLICATION, DISTRIBUTION, ETC. (IMPRINT)
Place of publication Tavanur 2017
Name of publisher DEPARTMENT OF IRRIGATION AND DRAINAGE ENGINEERING
300 ## - PHYSICAL DESCRIPTION
Number of Pages 80
500 ## - GENERAL NOTE
General note Comparative Evaluation of Simplified Hydroponic Techniques for Vegetable Cultivation
520 ## - SUMMARY, ETC.
Summary, etc Comparative Evaluation of Simplified Hydroponic Techniques for Vegetable Cultivation
700 ## - ADDED ENTRY--PERSONAL NAME
Personal name Dr. Rema K.P (Guide)
856 ## - ELECTRONIC LOCATION AND ACCESS
Uniform Resource Identifier https://drive.google.com/open?id=13ZVEz1lOj2idy9vX4mZq9mzNUUieNghG
942 ## - ADDED ENTRY ELEMENTS (KOHA)
Koha item type Project Report
Holdings
Collection code Home library Current library Shelving location Full call number Accession Number Koha item type
Reference KAUAET KAUAET Reference 631.587 AJY/CO P 375 Project Report
free website counter